| 000 | 01130nam a22002891i 4500 | ||
|---|---|---|---|
| 003 | SA-RiAUC | ||
| 005 | 20250216065917.0 | ||
| 008 | 250216s1969 iq g 000 0 ara c | ||
| 040 |
_aJO-IrYU _bara _cSA-RiAUC _erda |
||
| 050 | 4 | _bM37 1969 | |
| 082 | 0 | 4 | _a810.8005 |
| 090 |
_a810.8005 _b م ر ص |
||
| 100 | 1 |
_aالمرصفي، سيد بن علي، _dتوفي 1349 هجري _eمؤلف. |
|
| 245 | 1 | 0 |
_aرغبة الآمل من كتاب الكامل / _cتأليف سيد بن علي المرصفي. |
| 250 | _aالطبعة الثانية. | ||
| 264 | 1 |
_aبغداد : _bدار لبنان، _c1969 |
|
| 300 | _a8 مجلد في 4 | ||
| 336 |
_aنص _btxt _2rdacontent _3كتاب |
||
| 337 |
_aبدون وسيط _bn _2rdamedia |
||
| 338 |
_aمجلد _bnc _2rdacarrier |
||
| 650 | 7 |
_aالأدب العربي _2aucsh |
|
| 650 | 7 |
_aالأدب العربي _yالعصر العباسي _2aucsh |
|
| 700 | 1 | 2 |
_aالمبرد، محمد بن يزيد بن عبد الأكبر، _d210-286 هجري |
| 740 | 2 | 2 | _aالكامل في اللغة والأدب. |
| 942 |
_2ddc _cBOOK _n0 |
||
| 949 |
_aSA-JeALM _d250216 _ueid123 _n1 |
||
| 999 |
_c5969 _d5969 |
||